Dynamic econometrics / (Record no. 19454)
[ view plain ]
| 000 -LEADER | |
|---|---|
| fixed length control field | 00819cam a22002655a 4500 |
| 001 - CONTROL NUMBER | |
| control field | 012602484 |
| 005 - DATE AND TIME OF LATEST TRANSACTION | |
| control field | 20150528114407.0 |
| 008 - FIXED-LENGTH DATA ELEMENTS--GENERAL INFORMATION | |
| fixed length control field | 950424r20091995enkad frbd f001 0 eng d |
| 020 ## - INTERNATIONAL STANDARD BOOK NUMBER | |
| International Standard Book Number | 9780198283164 |
| 082 04 - DEWEY DECIMAL CLASSIFICATION NUMBER | |
| Classification number | 330.015195 |
| Item number | HEN |
| Edition number | 22 |
| 100 1# - MAIN ENTRY--PERSONAL NAME | |
| Personal name | Hendry, David F. |
| 9 (RLIN) | 38096 |
| 245 10 - TITLE STATEMENT | |
| Title | Dynamic econometrics / |
| Statement of responsibility, etc | David F. Hendry. |
| 260 ## - PUBLICATION, DISTRIBUTION, ETC. (IMPRINT) | |
| Place of publication, distribution, etc | Oxford ; |
| -- | New York : |
| Name of publisher, distributor, etc | Oxford University Press, |
| Date of publication, distribution, etc | 2009. |
| 300 ## - PHYSICAL DESCRIPTION | |
| Extent | xxxiv, 869 p. : |
| Other physical details | charts , tables ; |
| Dimensions | 24 cm. |
| 490 0# - Series Statement | |
| Series statement | Advanced texts in econometrics |
| 500 ## - GENERAL NOTE | |
| General note | Index : p. 853-869. |
| 500 ## - GENERAL NOTE | |
| General note | Reprint of the 1995 ed. |
| 500 ## - GENERAL NOTE | |
| General note | Glossary : p. 848-851. |
| 504 ## - BIBLIOGRAPHY, ETC. NOTE | |
| Bibliography, etc | Bibliography : p. 819-845. |
| 650 #0 - SUBJECT ADDED ENTRY--TOPICAL TERM | |
| Topical term or geographic name as entry element | Econometrics. |
| Source of heading or term | BUEsh |
| 651 ## - SUBJECT ADDED ENTRY--GEOGRAPHIC NAME | |
| Source of heading or term | BUEsh |
| 653 ## - INDEX TERM--UNCONTROLLED | |
| Resource For college | BAEPS, Economics |
| Arrived date list | May2015 |
| 655 ## - INDEX TERM--GENRE/FORM | |
| Form subdivision | |
| -- | 34232 |
| 942 ## - ADDED ENTRY ELEMENTS (KOHA) | |
| Source of classification or shelving scheme | Dewey Decimal Classification |
| Call number prefix | 330.015195 HEN |
| Withdrawn status | Item status | Source of classification or shelving scheme | Damaged status | Not for loan | Vendor | Home library | Current library | Shelving location | Date acquired | Source of acquisition | Cost, normal purchase price | Total Checkouts | Total Renewals | Full call number | Barcode | Date last seen | Date last borrowed | Cost, replacement price | Koha item type |
|---|---|---|---|---|---|---|---|---|---|---|---|---|---|---|---|---|---|---|---|
| Dewey Decimal Classification | Baccah | Central Library | Central Library | First floor | 26/05/2015 | 580.00 | 2 | 25 | 330.015195 HEN | 000038316 | 15/07/2025 | 07/02/2022 | 725.00 | Book - Borrowing |